[Event "Maringa op 1st"]
[Site "Maringa"]
[Date "2024.07.27"]
[Round "4"]
[White "Onishi, Getulio Issamu"]
[Black "Medeiros, Antonio Carlos Prol"]
[Result "0-1"]
[WhiteElo "1625"]
[BlackElo "1800"]
[PlyCount "103"]
[EventDate "2024.07.26"]
[EventType "swiss"]
[EventRounds "6"]
[EventCountry "BRA"]
[SourceTitle "CBM 221 Extra"]
[Source "ChessBase"]
[SourceDate "2024.09.30"]
[SourceVersion "1"]
[SourceVersionDate "2024.09.30"]
[SourceQuality "1"]

1. c4 e5 2. d3 b6 3. Nf3 Nc6 4. a3 d5 5. Qa4 Bd7 6. Qc2 d4 7. g3 Qc8 8. Bg2 Rb8 9. b4 f6 10. h4 Nge7 11. Nbd2 Nf5 12. Nb3 Be7 13. c5 0-0 14. cxb6 cxb6 15. Bd2 a5 16. bxa5 Nxa5 17. Qxc8 Rfxc8 18. Nxa5 bxa5 19. 0-0 a4 20. Rfc1 Rb3 21. Rxc8+ Bxc8 22. Bc1 Rc3 23. Nd2 Bd7 24. Nc4 Nd6 25. Bd5+ Kf8 26. Bd2 Rc2 27. Bb4 Nxc4 28. Bxe7+ Kxe7 29. Bxc4 Rxe2 30. Kf1 Rb2 31. Bd5 Bb5 32. Be4 g6 33. Rc1 Kd6 34. Rc8 Rb3 35. Rd8+ Ke7 36. Rh8 Bxd3+ 37. Bxd3 Rxd3 38. Rxh7+ Ke6 39. Rb7 Rxa3 40. Rb6+ Kf5 41. Ke2 d3+ 42. Kd2 Rb3 43. Ra6 a3 44. Ra7 Rb2+ 45. Kxd3 Rb3+ 46. Ke2 Rb2+ 47. Kf1 a2 48. Kg2 Ke6 49. Ra6+ Kf5 50. g4+ Kf4 51. Rxf6+ Kxg4 52. Ra6 0-1